00989cam a22002775a 4500001001000000003000400010005001700014008004100031020001800072020001500090040004000105082001700145100002900162245006500191250003100256260005000287300004000337504005100377650003300428651001000461653002500471700003700496942000800533999001700541952015300558016014804OSt20161204145632.0120117t2013 enka frb 001 0 eng d a9780273771609 a0273771604 aStDuBDSbengcStDuBDSdUkdEG-ScBUE04a339222bHUB1 aHubbard, R. Glenn93889310aMicroeconomics /cR. Glenn Hubbard, Anthony Patrick O'Brien. a4th ed., International ed. aHarlow :bPearson Education Limited,cc.2013. a(Various pagings) :bill. ;c28 cm. aIncludes bibliographical references and index. 7aMicroeconomics.2BUEsh95599 2BUEsh bBUSECOcDecember20161 aO'Brien, Anthony Patrick.941421 2ddc c23443d23415 00102ddc40708BaccahaMAINbMAINc1STd2016-12-04ePurchaseg480.00h25140l1m1o339 HUBp000040258r2025-07-15 00:00:00s2017-02-25v600.00yBB